Capitali che iniziano con la A - Statistics

Statistiche generali
  • Questo quiz è stato fatto 175 volte
  • Il punteggio medio è 12 su 17
Statistiche sulle risposte
Popolazione (ab.) Continente Capitale % Corretto
5 639 076 Asia / Europa Ankara
89%
22 886 Europa Andorra La Vella
84%
854 047 Europa Amsterdam
82%
524 190 America del Sud Asunción
77%
655 780 Europa Atene
76%
3 415 811 Africa Algeri
75%
963 000 Africa Asmara
74%
3 273 000 Africa Addis Abeba
72%
1 613 375 Africa Antananarivo
70%
1 029 556 Asia / Europa Astana
70%
4 302 730 Asia Amman
69%
2 291 352 Africa Accra
68%
58 800 Oceania Apia
65%
1 031 992 Asia Aşgabat
65%
1 568 853 Africa Abuja
62%
1 450 000 Asia Abu Dhabi
58%
96 100 Asia Al Kuwait
12%
Nessun quiz corrispondente trovato
Distribuzione punteggi
Percentuale di utenti per punteggio
Percentile per numero di risposta
I tuoi punteggi nel tempo
Non hai fatto questo quiz